Movies Quiz

Random Movies or Role Quiz
Score 0/30 Timer 08:00
0 Plays Today
% Correct
Charlize Theron
95.5%
Meryl Streep
95.1%
Tom Hanks
94.7%
Will Smith
94.7%
Leonardo DiCaprio
94.3%
Philip Seymour Hoffman
93.6%
Johnny Depp
92.8%
Russell Crowe
92.1%
Robert Downey Jr.
92.1%
Renée Zellweger
91.3%
Anthony Hopkins
90.9%
Nicole Kidman
90.9%
Judi Dench
89.4%
Ben Affleck
89.4%
Octavia Spencer
88.7%
% Correct
Helen Mirren
88.3%
Matt Damon
87.2%
Woody Harrelson
86.4%
David Oyelowo
84.9%
Chadwick Boseman
84.2%
Sam Rockwell
80.8%
Emma Thompson
80%
Jessica Lange
79.2%
Jonathan Pryce
76.2%
Willem Dafoe
73.2%
Vanessa Redgrave
69.8%
Kevin Kline
64.9%
Tom Wilkinson
58.5%
Tim Roth
49.8%
Alan Rickman
49.8%

You're not logged in!

Compare scores with friends on all Sporcle quizzes.
OR
Log In

From the Vault

History As We Heard It IV

by Hejman

This quiz best played through a gramophone.
Remove Ads.
Support Sporcle.
Get the best of Sporcle when you Go Orange. This ad-free experience offers more features, more stats, and more fun while also helping to support Sporcle. Thank you for becoming a member.

Show Comments

Extras

Top Quizzes Today


Score Distribution

Your Account Isn't Verified!

In order to create a playlist on Sporcle, you need to verify the email address you used during registration. Go to your Sporcle Settings to finish the process.

Report this User

Report this user for behavior that violates our Community Guidelines.

Details: